000 00969nam a2200205 4500
010 _aB-098550
020 _a8185938997
_cRs. 2015(3 Parts)
035 _aB-098550
037 _bCen Lib / Ret
040 _aDPL
_bEN
082 _a305.895433
_bPEO
245 _aPeople of India
_cedited by K. S. Singh... [at al]
260 _aNew Delhi
_bAffiliated East-West Press Pvt Ltd
_c2002
270 _a105 Nirmal Tower 26 Barakhamba Road
_bNew Delhi
_e110040
300 _av 12. 290 ; v 18. 125 ; v 23. xix, 514 ; v 27 (1). 490 ; v 27 (2). xl, 491-1132 ; v 27 (3). xlii, 1133-1704p ;v 28. 147 ; v 38 (pt-1) 463 ; v 38 (pt-2) xxviii, 464-1056 ;
_b24cm
505 _av 12. Andaman and Nicobar Islands ; v 18. Dadra and Nagar haveli ; v. 23. Haryana ; v 27 (1). Kerala ; v 27 (2). Kerala ; v 27 (3). Kerala ;v 28. Lakshadweep ; v 38 (pt. 1-2) Rajasthan
650 _aEthnology -- India.
650 _aEthnology.
942 _2ddc
_cEN
_h305.895433
_mPEO
999 _c136415
_d136415